ՀՀ Գիտությունների ազգային ակադեմիայի հիմնարար գիտական գրադարան  =   Fundamental Scientific Library of NAS RA

Мадонна : (Record no. 117955)

MARC details
000 -LEADER
fixed length control field 00773nam a2200217 a 4500
001 - CONTROL NUMBER
control field 000317763
003 - CONTROL NUMBER IDENTIFIER
control field AM-YeHGA
005 - DATE AND TIME OF LATEST TRANSACTION
control field 20250617130453.0
008 - FIXED-LENGTH DATA ELEMENTS--GENERAL INFORMATION
fixed length control field 040315s1991 ||| r 000 0 rus d
020 ## - INTERNATIONAL STANDARD BOOK NUMBER
International Standard Book Number 5255006149
040 ## - CATALOGING SOURCE
Original cataloging agency AM-YeHGA
041 0# - LANGUAGE CODE
Language code of text/sound track or separate title rus
090 ## - LOCALLY ASSIGNED LC-TYPE CALL NUMBER (OCLC); LOCAL CALL NUMBER (RLIN)
-- 119303
100 1# - MAIN ENTRY--PERSONAL NAME
Personal name Салиас, Евгений Андреевич
245 10 - TITLE STATEMENT
Title Мадонна :
Remainder of title Повесть : В 3-х ч. /
Statement of responsibility, etc. Граф Салиас.
250 ## - EDITION STATEMENT
Edition statement Репринт. изд.
260 ## - PUBLICATION, DISTRIBUTION, ETC.
Place of publication, distribution, etc. Москва :
Name of publisher, distributor, etc. Профиздат,
-- Товарищество "Возрождение",
Date of publication, distribution, etc. 1991.
300 ## - PHYSICAL DESCRIPTION
Extent 284 с.
440 #0 - SERIES STATEMENT/ADDED ENTRY--TITLE
Title Историческая библиотека альманаха "Русская старина"
Volume/sequential designation Т. 12
653 0# - INDEX TERM--UNCONTROLLED
Uncontrolled term Россия, 19 в. (х. л.)
Holdings
Withdrawn status Lost status Damaged status Not for loan Collection Home library Current library Date acquired Total checkouts Full call number Barcode Date last seen Price effective from Koha item type Public note
        General Fundamental Scientific Library Fundamental Scientific Library 22/12/2016   882 120633949 22/12/2016 22/12/2016 Գրքեր / Books 30 Days Loan


ՀՀ ԳԱԱ հիմնարար գիտական գրադարան
ՀՀ,Երևան 0019
Մարշալ Բաղրամյան 24/6
հեռախոս:(374-10) 52-47-50
Հետադարձ կապ

All site content, except where otherwise noted, is licensed under a
Creative Commons License